[Event "For the rest of us"]
[Site "SchemingMind.com"]
[Date "2006.02.17"]
[Round "-"]
[White "roscoe"]
[Black "Brerrabbit"]
[Result "1-0"]
[WhiteCountry "USA"]
[BlackCountry "SCO"]
[WhiteElo "1433"]
[WhiteRD "90"]
[BlackElo "1300"]
[BlackRD "66"]
[GameID "39351"]

1. Nf3 Nc6 2. g3 e5 3. d3 d5 4. Bg2 e4 5. dxe4 Nb4 6. O-O Bc5 7. exd5 Nxd5 8. c4 Ndf6 9. Qxd8+ Kxd8 10. Rd1+ Bd7
11. Ne5 Bd6 12. Nxf7+ Ke7 13. Nxh8
1-0

[Event "For the rest of us"]
[Site "SchemingMind.com"]
[Date "2006.02.16"]
[Round "-"]
[White "Brerrabbit"]
[Black "roscoe"]
[Result "0-1"]
[WhiteCountry "SCO"]
[BlackCountry "USA"]
[WhiteElo "1300"]
[WhiteRD "66"]
[BlackElo "1433"]
[BlackRD "90"]
[GameID "39353"]

1. e4 d6 2. Nf3 c5 3. d4 cxd4 4. Nxd4 e5 5. Nf3 Bg4 6. Be2 Nf6 7. Bg5 g6 8. Bxf6 Qxf6 9. Nc3 Bg7 10. Nd5 Qd8
11. Qd2 O-O 12. O-O-O Nc6 13. Ng5 Bxe2
0-1

[Event "For the rest of us"]
[Site "SchemingMind.com"]
[Date "2006.02.17"]
[Round "-"]
[White "Harold"]
[Black "roscoe"]
[Result "0-1"]
[WhiteCountry "GBR"]
[BlackCountry "USA"]
[WhiteElo "1398"]
[WhiteRD "83"]
[BlackElo "1473"]
[BlackRD "78"]
[GameID "39526"]

1. e4 d6 2. f4 e5 3. Nf3 Bg4 4. h3 Bxf3 5. Qxf3 Nf6 6. d3 g6 7. Nc3 Bg7 8. Bd2 O-O 9. O-O-O a6 10. d4 exd4
11. Nd5 Nxd5 12. exd5 c5 13. dxc6 Nxc6 14. Bd3 Re8 15. Be4 Qb6 16. Bd3 Nb4 17. a3 Nxd3+ 18. Qxd3 f5 19. h4 Qc6 20. Rdg1 b5
21. h5 Qd5 22. h6 Bf6
0-1

[Event "For the rest of us"]
[Site "SchemingMind.com"]
[Date "2006.02.17"]
[Round "-"]
[White "Harold"]
[Black "Brerrabbit"]
[Result "1-0"]
[WhiteCountry "GBR"]
[BlackCountry "SCO"]
[WhiteElo "1398"]
[WhiteRD "83"]
[BlackElo "1312"]
[BlackRD "67"]
[GameID "39528"]

1. e4 e5 2. f4 Bc5 3. Qg4 Qf6 4. Nf3 exf4 5. e5 Nh6 6. exf6 Nxg4 7. d4 Bd6 8. h3 Nh6 9. fxg7 Rg8 10. Bd3 Rxg7
11. Ne5 Bxe5 12. dxe5 Rxg2 13. Bxf4 Ng8 14. Bxh7 Ne7 15. Nc3 Rxc2 16. Bxc2 d6 17. O-O-O Be6 18. exd6 cxd6 19. Rxd6 Nd7 20. Nb5 Rc8
21. Nxa7 Rc4 22. Bd2 Rc8 23. Nxc8 Nxc8 24. Rd4 Bxa2 25. Re1+ Kd8 26. b3 Na7 27. Ra4 Bxb3 28. Bxb3 Nb5 29. Ra8+ Kc7 30. Bxf7 Nc5
31. Bc4 Nd6 32. Bf4
1-0

[Event "For the rest of us"]
[Site "SchemingMind.com"]
[Date "2006.02.19"]
[Round "-"]
[White "roscoe"]
[Black "Harold"]
[Result "1-0"]
[WhiteCountry "USA"]
[BlackCountry "GBR"]
[WhiteElo "1473"]
[WhiteRD "78"]
[BlackElo "1398"]
[BlackRD "83"]
[GameID "39529"]

1. Nf3 d5 2. d3 Nc6 3. g3 e5 4. e3 Bf5 5. Bg2 e4 6. dxe4 Bxe4 7. O-O Nf6 8. Nd4 Bd6 9. Nd2 Bxg2 10. Kxg2 O-O
11. b3 Qd7 12. Qf3 Ne5 13. Qf5 Rfd8 14. Qxd7 Rxd7 15. Nf5 Re8 16. Nxd6 Rxd6 17. Bb2 Rc6 18. Rac1 Neg4 19. Bd4 a6 20. c4 Rd8
21. h3 Nh6 22. Bxf6
1-0

[Event "For the rest of us"]
[Site "SchemingMind.com"]
[Date "2006.02.17"]
[Round "-"]
[White "Brerrabbit"]
[Black "Harold"]
[Result "0-1"]
[WhiteCountry "SCO"]
[BlackCountry "GBR"]
[WhiteElo "1312"]
[WhiteRD "67"]
[BlackElo "1398"]
[BlackRD "83"]
[GameID "39531"]

1. e4 e5 2. Nf3 Nc6 3. Nc3 Nf6 4. Bb5 Nd4 5. Nxe5 Qe7 6. f4 Nxb5 7. Nxb5 Qc5 8. Nc3 d6 9. d4 Qa5 10. Bd2 Qb6
11. Nc4 Qxd4 12. Qe2 Bg4 13. Qd3 Qc5 14. h3 Qh5 15. f5 O-O-O 16. Qe3 b6 17. Ne2 Bxe2 18. Qxe2 Qh4+ 19. Kd1 Re8 20. Be1 Qxe4
21. Ne3 Qxe3 22. Qxe3 Rxe3 23. a4 Re5 24. Rf1 Nd5 25. a5 Ne3+ 26. Ke2 Nxc2+ 27. Kd3 Nxa1 28. Bc3 Rc5 29. Rxa1 bxa5 30. Bxa5 Rxf5
31. Bc3 Kb7 32. Ke4 Rf2 33. Bd4 f5+ 34. Ke3 Rxg2 35. Rxa7+ Kc6 36. b4 Rg3+ 37. Kf4 Rd3 38. Be3 Be7 39. Ra1 Rb8 40. Rb1 g5+
41. Kf3 f4
0-1

[Event "For the rest of us"]
[Site "SchemingMind.com"]
[Date "2006.02.20"]
[Round "-"]
[White "sdshuey"]
[Black "Harold"]
[Result "1-0"]
[WhiteCountry "USA"]
[BlackCountry "GBR"]
[WhiteElo "1413"]
[WhiteRD "68"]
[BlackElo "1398"]
[BlackRD "83"]
[GameID "39791"]

1. e4 e5 2. f4 exf4 3. Nf3 d6 4. d3 g5 5. h3 h6 6. g4 Bg7 7. Bg2 Nc6 8. O-O Be6 9. Nc3 h5 10. Nxg5 Qxg5
11. Bxf4 Qc5+ 12. Kh1 hxg4 13. Kh2 gxh3 14. Bf3 Nd4 15. Na4 Qxc2+ 16. Qxc2 Nxc2 17. Rac1 Nb4 18. Rxc7 Be5 19. Bxe5 dxe5 20. Nc5 Rc8
21. Nxe6 Rxc7 22. Nxc7+ Kd8 23. Rc1 Nxd3 24. Rd1 Kxc7 25. Rxd3 Nf6 26. b4 b5 27. Bg2 hxg2+ 28. Kxg2 Kc6 29. a3 Rh4 30. Rf3 Rf4
31. Rxf4 exf4 32. e5 Ne4 33. Kf3 f6 34. exf6 Nxf6 35. Kxf4 Kd5 36. Ke3 Kc4 37. Kd2
1-0

[Event "For the rest of us"]
[Site "SchemingMind.com"]
[Date "2006.02.20"]
[Round "-"]
[White "sdshuey"]
[Black "roscoe"]
[Result "1-0"]
[WhiteCountry "USA"]
[BlackCountry "USA"]
[WhiteElo "1413"]
[WhiteRD "68"]
[BlackElo "1473"]
[BlackRD "78"]
[GameID "39792"]

1. e4 d6 2. f4 e5 3. d3 Nf6 4. Nf3 Bg4 5. h3 Bxf3 6. gxf3 exf4 7. Bxf4 g6 8. Nc3 Bg7 9. Bg2 O-O 10. O-O c5
11. Nd5 Nxd5 12. exd5 Bd4+ 13. Kh2 Bxb2 14. Rb1 Be5 15. Bxe5 dxe5 16. f4 Qd6 17. Rxb7 Na6 18. c4 Qf6 19. d6 Qxd6 20. fxe5 Qxe5+
21. Kh1 Nb4 22. Bd5 Nxd5 23. cxd5 Qxd5+ 24. Qf3 Qxf3+= 25. Rxf3 a6 26. Rc7 Rab8 27. Rxc5 Rb1+ 28. Kh2 Rb2+ 29. Kg3 Rxa2 30. d4 a5
31. Rf2 Ra3+ 32. Rf3 Rxf3+ 33. Kxf3 Ra8 34. d5 Kf8 35. Ke4 a4 36. d6 Ke8 37. Rc7 Kd8 38. Rxf7 a3 39. Rf8+
1-0

[Event "For the rest of us"]
[Site "SchemingMind.com"]
[Date "2006.02.20"]
[Round "-"]
[White "sdshuey"]
[Black "Brerrabbit"]
[Result "1-0"]
[WhiteCountry "USA"]
[BlackCountry "SCO"]
[WhiteElo "1436"]
[WhiteRD "70"]
[BlackElo "1300"]
[BlackRD "66"]
[GameID "39794"]

1. e4 e5 2. f4 Nc6 3. c3 exf4 4. Nf3 Nf6 5. d3 d5 6. Nbd2 Bd6 7. g3 Bg4 8. Bg2 Qe7 9. Qe2 O-O 10. exd5 Rae8
11. Ne4 Nxd5 12. h3 Bxf3 13. Bxf3 fxg3 14. O-O Nf4 15. Bxf4 Bxf4 16. Bg4 f5 17. Rxf4 Nd4 18. cxd4 fxg4 19. Rxf8+ Rxf8 20. Qxg4 Qb4
21. Qxg3 Qxb2 22. Rf1 Qxd4+ 23. Nf2 a5 24. Re1 g5 25. Re4 Qa1+ 26. Kh2 Qxa2 27. Qxg5+ Kh8 28. Qe5+ Kg8 29. Rg4+
1-0

[Event "For the rest of us"]
[Site "SchemingMind.com"]
[Date "2006.02.24"]
[Round "-"]
[White "Harold"]
[Black "sdshuey"]
[Result "0-1"]
[WhiteCountry "GBR"]
[BlackCountry "USA"]
[WhiteElo "1398"]
[WhiteRD "83"]
[BlackElo "1413"]
[BlackRD "68"]
[GameID "39795"]

1. e4 e5 2. Nf3 Nc6 3. Bb5 a6 4. Ba4 b5 5. Bb3 d6 6. O-O Bg4 7. h3 Bxf3 8. Qxf3 Nf6 9. d3 Nd4 10. Qd1 Qd7
11. c3 Nxb3 12. Qxb3 d5 13. Bg5 c6 14. Re1 Bc5 15. Nd2 O-O 16. Nf3 h6 17. Nxe5 Qd6 18. Bf4 d4 19. Ng6 Qe6 20. Qxe6 fxe6
21. Nxf8 Rxf8 22. Bg3 dxc3 23. bxc3 Nd7 24. d4 Bb6 25. Red1 e5 26. a4 c5 27. dxc5 Nxc5 28. Rd6 Ba5
0-1

[Event "For the rest of us"]
[Site "SchemingMind.com"]
[Date "2006.02.20"]
[Round "-"]
[White "roscoe"]
[Black "sdshuey"]
[Result "1/2-1/2"]
[WhiteCountry "USA"]
[BlackCountry "USA"]
[WhiteElo "1473"]
[WhiteRD "78"]
[BlackElo "1413"]
[BlackRD "68"]
[GameID "39796"]

1. Nf3 Nc6 2. g3 d5 3. d4 Bg4 4. Bg2 e6 5. O-O Nf6 6. Nbd2 Bb4 7. a3 Bxd2 8. Bxd2 Ne4 9. Ng5 Nxg5 10. h3 Nxh3+
11. Bxh3 Bxh3 12. Re1 Nxd4 13. Bc3 c5 14. e3 Nb5 15. Bxg7 Rg8 16. Be5 d4 17. exd4 cxd4 18. Kh2 Bg4 19. Qd3 Bf5 20. Qxb5+ Qd7
21. Qxd7+ Kxd7 22. Rad1 Ke7 23. Rxd4 Rad8 24. Rxd8 Rxd8 25. Bc7= Rd7 26. Ba5 b6 27. Bb4+ Ke8 28. c4 a5 29. Bc3 h5 30. Re2 a4
31. Bb4 Bd3 32. Rd2 Bf5 33. Rxd7 Kxd7 34. Kg2 Kc6 35. f3 b5 36. cxb5+ Kxb5 37. g4 hxg4 38. fxg4 Bxg4 39. Kg3 Bd1 40. Kf4 Bh5
41. Kg5 Bg6=
1/2-1/2

[Event "For the rest of us"]
[Site "SchemingMind.com"]
[Date "2006.02.20"]
[Round "-"]
[White "Brerrabbit"]
[Black "sdshuey"]
[Result "0-1"]
[WhiteCountry "SCO"]
[BlackCountry "USA"]
[WhiteElo "1264"]
[WhiteRD "73"]
[BlackElo "1436"]
[BlackRD "76"]
[GameID "39798"]

1. e4 e5 2. Nf3 Nc6 3. Nc3 Bb4 4. a3 Bxc3 5. dxc3 d6 6. Bc4 Nf6 7. Ng5 Be6 8. Bxe6 fxe6 9. Nxe6 Qd7 10. Qg4 Nxg4
0-1

[Event "For the rest of us"]
[Site "SchemingMind.com"]
[Date "2006.02.20"]
[Round "-"]
[White "toguints"]
[Black "Harold"]
[Result "1-0"]
[WhiteCountry "PHI"]
[BlackCountry "GBR"]
[WhiteElo "1412"]
[WhiteRD "66"]
[BlackElo "1398"]
[BlackRD "83"]
[GameID "39835"]

1. e4 e5 2. Nf3 Nc6 3. Nc3 g6 4. d3 Bg7 5. Nd5 d6 6. Be2 h6 7. Nh4 Be6 8. g3 Nf6 9. Bf3 Nd4 10. c3 c6
11. cxd4 exd4 12. Nf4 g5 13. Nxe6 fxe6 14. Bh5+ Ke7 15. Ng6+ Kd7 16. Nxh8 Qxh8 17. Qa4 a6 18. g4 e5 19. Bd2 b5 20. Qc2 Qf8
21. Rc1 c5 22. a3 Rc8 23. Bg6 Kd8 24. Ba5+ Ke7 25. Qb3 Nxg4 26. Bf5 c4 27. dxc4 Rc5 28. Bxg4 bxc4 29. Rxc4 Rxa5 30. Qb7+ Kf6
31. O-O Rb5 32. Qxa6 Rxb2 33. Rc6 Qe7 34. Rxd6+ Kf7 35. Bh5+ Kf8 36. Qc8+
1-0

[Event "For the rest of us"]
[Site "SchemingMind.com"]
[Date "2006.02.20"]
[Round "-"]
[White "toguints"]
[Black "roscoe"]
[Result "1-0"]
[WhiteCountry "PHI"]
[BlackCountry "USA"]
[WhiteElo "1412"]
[WhiteRD "66"]
[BlackElo "1473"]
[BlackRD "78"]
[GameID "39836"]

1. g3 Nf6 2. Nc3 g6 3. Bg2 Bg7 4. d4 d5 5. e3 O-O 6. Nge2 b6 7. Nf4 c6 8. Bd2 Bf5 9. h3 Be4 10. f3 Bf5
11. e4 dxe4 12. fxe4 Nxe4 13. Nxe4 Qxd4 14. c3 Qe5 15. Nd3 Qd5 16. Nf6+ exf6 17. Bxd5 cxd5 18. Nb4 Re8+ 19. Kf2 Bd7 20. Nxd5 Bc6
21. c4 Nd7 22. Nc7 f5 23. Nxe8 Rxe8 24. Re1 Bd4+ 25. Be3 Bxb2 26. Rb1 Bc3 27. Bd2 Bd4+ 28. Be3 Bc5 29. Bxc5 bxc5 30. Rxe8+ Nf8
31. Rc8
1-0

[Event "For the rest of us"]
[Site "SchemingMind.com"]
[Date "2006.02.20"]
[Round "-"]
[White "toguints"]
[Black "Brerrabbit"]
[Result "0-1"]
[WhiteCountry "PHI"]
[BlackCountry "SCO"]
[WhiteElo "1387"]
[WhiteRD "67"]
[BlackElo "1300"]
[BlackRD "66"]
[GameID "39838"]

1. e4 e5 2. Nf3 Nc6 3. Nc3 Nf6 4. Bb5 a6 5. Bxc6 dxc6 6. Nxe5 Bd6 7. Nc4 Be6 8. Na5 Qd7 9. Qe2 b6 10. Nc4 O-O
11. e5 Bxc4 12. d3 Bd5 13. Nxd5 Nxd5 14. c4 Bb4+ 15. Bd2 Bxd2+ 16. Qxd2 Ne7 17. Kf1 Nf5 18. f3 Rae8 19. Kf2 Rxe5 20. Rhe1 f6
21. Rxe5 Qd4+ 22. Re3 Nxe3 23. Qxe3 Qxb2+ 24. Qe2 Qxa1 25. Qe6+ Kh8 26. Qxc6 Qxa2+ 27. Kg3 Qd2 28. Qxc7 Qxd3 29. c5 bxc5 30. Qxc5 Qg6+
31. Kf2 Re8 32. g4 h6 33. Qc6 Rd8 34. Qxa6 Rd2+ 35. Kg3 Qc2
0-1

[Event "For the rest of us"]
[Site "SchemingMind.com"]
[Date "2006.02.20"]
[Round "-"]
[White "toguints"]
[Black "sdshuey"]
[Result "0-1"]
[WhiteCountry "PHI"]
[BlackCountry "USA"]
[WhiteElo "1387"]
[WhiteRD "67"]
[BlackElo "1436"]
[BlackRD "70"]
[GameID "39839"]

1. Nf3 Nf6 2. g3 d6 3. Bg2 e5 4. d3 Bg4 5. Nc3 d5 6. Nxe5 Qe7 7. d4 Qe6 8. h3 Bf5 9. g4 Bg6 10. Nb5 Qb6
11. Nc3 Bb4 12. Bd2 Nc6 13. Bxd5 Nxd4 14. e3 Ne6 15. Qf3 Nxd5 16. Nxd5 Bxd2+ 17. Kxd2 Qd6 18. Nc4 Be4 19. Qxe4 Qc5 20. b4 Qc6
21. Ne5 Qd6 22. Ke2 O-O-O 23. Nxf7 Ng5 24. Nxh8 Nxe4 25. Nf7 Qxd5 26. Nxd8 Qxd8 27. Rhd1 Nc3+
0-1

[Event "For the rest of us"]
[Site "SchemingMind.com"]
[Date "2006.02.24"]
[Round "-"]
[White "Harold"]
[Black "toguints"]
[Result "1/2-1/2"]
[WhiteCountry "GBR"]
[BlackCountry "PHI"]
[WhiteElo "1392"]
[WhiteRD "82"]
[BlackElo "1384"]
[BlackRD "60"]
[GameID "39840"]

1. e4 c5 2. b4 e5 3. Nf3 Nf6 4. Bc4 Nc6 5. Bb2 Bd6 6. Ng5 O-O 7. O-O Nxb4 8. Nc3 g6 9. Nb5 Be7 10. Bxe5 d5
11. exd5 Nbxd5 12. Re1 a6 13. Nc3 b5 14. Bd3 Ng4 15. h3 Nxe5 16. Rxe5 Nxc3 17. dxc3 Bxg5 18. Rxc5 Bh4 19. Be4 Qe7 20. Qd4 Bb7
21. Bxb7 Qxb7 22. Qxh4 Rac8 23. Rxc8 Qxc8 24. Qb4 Qc4 25. a4 Rc8 26. Ra3 Qxb4 27. cxb4 Rxc2 28. axb5 axb5 29. Ra8+ Kg7 30. Rb8 Rb2
31. Rxb5 Kf8 32. Rb7 Ke8= 33. b5 h5=
1/2-1/2

[Event "For the rest of us"]
[Site "SchemingMind.com"]
[Date "2006.02.20"]
[Round "-"]
[White "roscoe"]
[Black "toguints"]
[Result "1/2-1/2"]
[WhiteCountry "USA"]
[BlackCountry "PHI"]
[WhiteElo "1473"]
[WhiteRD "78"]
[BlackElo "1412"]
[BlackRD "66"]
[GameID "39841"]

1. Nf3 c5 2. c4 Nc6 3. g3 d5 4. b3 Nf6 5. Bg2 e6 6. O-O Be7 7. Bb2 O-O 8. d4 Ng4 9. Nbd2 b6 10. e4 dxe4
11. Nxe4 Bb7 12. Ne5 Nf6 13. Ng5 Nxe5 14. dxe5 Bxg2 15. Kxg2 Qxd1 16. Raxd1 Ng4 17. h4 Bxg5 18. Rfe1 Bh6 19. Re4 f5 20. Re2 f4
21. Re4 fxg3 22. Rxg4 Bf4 23. fxg3 Be3 24. Re4 Rf2+ 25. Kh3 Rxb2 26. Rxe3 Rxa2 27. Red3 a5 28. Rd8+ Rxd8 29. Rxd8+ Kf7 30. Rd6 Re2
31. Rxb6 Rxe5 32. Rb7+ Kg6 33. Rb5 Re3 34. Rxc5 Rxb3 35. Rxa5 Rb4 36. Rc5 e5 37. Rxe5 Rxc4 38. Re6+=
1/2-1/2

[Event "For the rest of us"]
[Site "SchemingMind.com"]
[Date "2006.02.20"]
[Round "-"]
[White "Brerrabbit"]
[Black "toguints"]
[Result "1-0"]
[WhiteCountry "SCO"]
[BlackCountry "PHI"]
[WhiteElo "1264"]
[WhiteRD "73"]
[BlackElo "1439"]
[BlackRD "73"]
[GameID "39843"]

1. e4 c5 2. d4 e6 3. c3 Nf6 4. e5 Nd5 5. Bc4 Nb6 6. Bd3 c4 7. Bc2 d5 8. Nf3 Be7 9. Na3 Bxa3 10. bxa3 N8d7
11. Rb1 O-O 12. Bxh7+ Kxh7 13. Ng5+ Kg8 14. Qh5 Re8 15. Qxf7+ Kh8 16. Qh5+ Kg8 17. Qh7+
1-0

[Event "For the rest of us"]
[Site "SchemingMind.com"]
[Date "2006.02.20"]
[Round "-"]
[White "sdshuey"]
[Black "toguints"]
[Result "1-0"]
[WhiteCountry "USA"]
[BlackCountry "PHI"]
[WhiteElo "1436"]
[WhiteRD "70"]
[BlackElo "1387"]
[BlackRD "67"]
[GameID "39844"]

1. e4 e5 2. f4 d6 3. d3 f6 4. Nc3 Nc6 5. Nf3 Bg4 6. h3 Bxf3 7. gxf3 Nge7 8. Nd5 Nxd5 9. exd5 Ne7 10. c4 Ng6
11. Qa4+ Qd7 12. Qxd7+ Kxd7 13. f5 Ne7 14. f4 exf4 15. Bxf4 Nxf5 16. O-O-O g5 17. Bd2 h5 18. Re1 c5 19. Rg1 Bh6 20. Be2 Rae8
21. Bxh5 Rxe1+ 22. Rxe1 Ng3 23. Bg4+ Kc7 24. Re7+ Kb6 25. b4 Bf8 26. Rd7 a6 27. bxc5+ dxc5 28. Rf7 Nh5 29. Bxh5 Be7 30. Rxe7 Rxh5
31. Re6+ Kc7 32. Ba5+ Kd7 33. Rxf6 Rxh3 34. Rf7+ Kd6 35. Rxb7 g4 36. Rg7 g3 37. Be1 Rh1 38. Kd2 Rh2+ 39. Kc3 g2 40. Bf2 g1=Q
41. Bxg1 Rxa2 42. Rg6+ Ke5 43. Bxc5 a5 44. d6
1-0

[Event "For the rest of us"]
[Site "SchemingMind.com"]
[Date "2006.02.27"]
[Round "-"]
[White "ld31337"]
[Black "Harold"]
[Result "1-0"]
[WhiteCountry "USA"]
[BlackCountry "GBR"]
[WhiteElo "1449"]
[WhiteRD "74"]
[BlackElo "1398"]
[BlackRD "83"]
[GameID "40662"]

1. e4 e5 2. Nf3 Nc6 3. d3 Nf6 4. Bg5 Bb4+ 5. c3 Ba5 6. b4 Bb6 7. d4 O-O 8. dxe5 Re8 9. exf6 Rxe4+ 10. Be2 Rg4
11. O-O h6 12. h3 Rg3 13. Kh2 Rxg5 14. Nxg5 hxg5 15. Bc4 Qxf6 16. Nd2 Qxc3 17. a3 d6 18. Qc1 Qe5+ 19. f4 gxf4 20. Nf3 Qf6
21. Qc2 Nd4 22. Nxd4 Bxd4 23. Rae1 Be5 24. Kh1 b6 25. Bd5 Bf5 26. Qxc7 Rd8 27. Qxa7 Bd4 28. Rxf4 Bf2 29. Rxf2
1-0

[Event "For the rest of us"]
[Site "SchemingMind.com"]
[Date "2006.02.27"]
[Round "-"]
[White "ld31337"]
[Black "roscoe"]
[Result "1-0"]
[WhiteCountry "USA"]
[BlackCountry "USA"]
[WhiteElo "1449"]
[WhiteRD "74"]
[BlackElo "1473"]
[BlackRD "78"]
[GameID "40663"]

1. e4 d6 2. d3 Nf6 3. Nf3 g6 4. Nc3 Bg7 5. d4 O-O 6. Bc4 c5 7. d5 Nbd7 8. O-O Ne5 9. Nxe5 dxe5 10. Be3 b6
11. a3 Re8 12. Bb5 Bd7 13. b4 a6 14. Bxd7 Qxd7 15. a4 cxb4 16. Ne2 Nxe4 17. Bxb6 Nc3 18. Qd3 Nxe2+ 19. Qxe2 Qd6 20. a5 Qxd5
21. Rab1 Qb5 22. Qxb5 axb5 23. Rxb4 Rac8 24. Rc1 e6 25. Rxb5 e4 26. Rb4 f5 27. a6 Bc3 28. Ra4 Bd2 29. Rca1 Rxc2 30. h3 Rec8
31. g3 R2c3 32. a7 e3 33. a8=Q exf2+ 34. Kxf2 Rxa8 35. Rxa8+ Kf7 36. R1a7+
1-0

[Event "For the rest of us"]
[Site "SchemingMind.com"]
[Date "2006.02.27"]
[Round "-"]
[White "ld31337"]
[Black "Brerrabbit"]
[Result "1-0"]
[WhiteCountry "USA"]
[BlackCountry "SCO"]
[WhiteElo "1460"]
[WhiteRD "78"]
[BlackElo "1286"]
[BlackRD "65"]
[GameID "40665"]

1. e4 e5 2. d3 Nf6 3. Nf3 Nc6 4. d4 Nxe4 5. dxe5 Bc5 6. Be3 Qe7 7. Bd3 d6 8. Bxe4 Be6 9. O-O O-O 10. Bxc5 dxc5
11. Nc3 Rad8 12. Qe2 f5 13. exf6 Qxf6 14. Qb5 Nd4 15. Qxb7 Nxf3+ 16. Bxf3 Rb8 17. Qxc7 Rxb2 18. Qxc5 Rxc2 19. Rac1 Rc8 20. Qxc8+ Bxc8
21. Rxc2 Qg6 22. Bd5+ Kf8 23. Ne4 Bf5 24. Re1 Bh3 25. Rc8+ Ke7 26. Rc7+ Kd8 27. Ng3 Qd6 28. Rxa7 Bg4 29. Bf7 Bd7 30. a4 Qd4
31. Ra8+ Kc7 32. Re7 Kb7 33. Rd8 Kb6 34. Bb3 Bc6 35. Rxd4
1-0

[Event "For the rest of us"]
[Site "SchemingMind.com"]
[Date "2006.02.27"]
[Round "-"]
[White "ld31337"]
[Black "sdshuey"]
[Result "1-0"]
[WhiteCountry "USA"]
[BlackCountry "USA"]
[WhiteElo "1460"]
[WhiteRD "78"]
[BlackElo "1436"]
[BlackRD "68"]
[GameID "40666"]

1. e4 e5 2. d3 Nf6 3. Nf3 Nc6 4. c3 d6 5. d4 Nxe4 6. d5 Ne7 7. Bd3 Bf5 8. c4 c5 9. O-O b5 10. cxb5 Nxd5
11. Bg5 Qd7 12. Nbd2 f6 13. Nxe4 Bxe4 14. Bxe4 fxg5 15. Nxg5 h6 16. Bg6+ Kd8 17. a4 hxg5 18. Qxd5 Rh6 19. Qxa8+ Ke7 20. Bd3 Qd8
21. Qxa7+ Qd7 22. b6
1-0

[Event "For the rest of us"]
[Site "SchemingMind.com"]
[Date "2006.02.27"]
[Round "-"]
[White "ld31337"]
[Black "toguints"]
[Result "1-0"]
[WhiteCountry "USA"]
[BlackCountry "PHI"]
[WhiteElo "1449"]
[WhiteRD "74"]
[BlackElo "1412"]
[BlackRD "66"]
[GameID "40667"]

1. e4 c5 2. d3 Nc6 3. Nf3 g6 4. d4 d6 5. d5 Ne5 6. Bb5+ Bd7 7. Nc3 Nf6 8. O-O a6 9. Bxd7+ Qxd7 10. a3 Qg4
11. h3 Qd7 12. Be3 Bg7 13. Qe2 O-O 14. Nxe5 dxe5 15. Bxc5 Rfc8 16. Bb6 Qd6 17. Qe3 Nd7 18. Ba5 b6 19. Bb4 Qf6 20. Rad1 a5
21. Bxe7 Qxe7 22. d6 Qe6 23. Qe2 Rc6 24. Nb5 Nc5 25. Nc7 Rxc7 26. dxc7 Qc6 27. Qc4 Qxc7 28. Rd2 Bh6 29. Rdd1 Na6 30. Qb5 f6
31. Rd7 Qc5 32. Rd5 Qxb5 33. Rxb5 Rb8 34. Rd1 Nc7 35. Rb3 f5 36. Re1 b5 37. a4 b4 38. c4 Na8 39. Re2 Bg7 40. c5 Rc8
41. Rc2 Nb6 42. cxb6 Rb8 43. Rc6 Bf8 44. exf5 gxf5 45. Rg3+ Kf7 46. Rg5 Bc5 47. Rxf5+ Ke7 48. Rxe5+ Kd7 49. Rexc5 b3 50. f4 Re8
51. Rc7+ Kd6 52. b7 Rb8 53. f5 h5 54. f6 Ke6 55. f7 Rf8 56. Rc8 Rxf7 57. b8=Q Kd7 58. Qc7+ Ke6 59. Qe5+ Kd7 60. R5c7#
1-0

[Event "For the rest of us"]
[Site "SchemingMind.com"]
[Date "2006.03.01"]
[Round "-"]
[White "Harold"]
[Black "ld31337"]
[Result "0-1"]
[WhiteCountry "GBR"]
[BlackCountry "USA"]
[WhiteElo "1398"]
[WhiteRD "83"]
[BlackElo "1449"]
[BlackRD "74"]
[GameID "40668"]

1. e4 e5 2. Nf3 Nf6 3. Nxe5 Nxe4 4. Qe2 d5 5. d3 Ng5 6. Nxf7+ Kxf7 7. Qh5+ Kg8 8. Bxg5 Qd6 9. Nc3 Qb4 10. O-O-O d4
11. Nd5 Qa5 12. Ne7+ Bxe7 13. Qe8+ Bf8 14. Be7 Qf5 15. f3 Nc6 16. Re1 Nxe7 17. Rxe7 Qg5+ 18. Kb1 Qxe7
0-1

[Event "For the rest of us"]
[Site "SchemingMind.com"]
[Date "2006.02.27"]
[Round "-"]
[White "roscoe"]
[Black "ld31337"]
[Result "0-1"]
[WhiteCountry "USA"]
[BlackCountry "USA"]
[WhiteElo "1424"]
[WhiteRD "91"]
[BlackElo "1460"]
[BlackRD "78"]
[GameID "40669"]

1. Nf3 Nc6 2. g3 e5 3. d3 d6 4. Bg2 Nf6 5. O-O Be7 6. e4 O-O 7. Bg5 h6 8. Bxf6 Bxf6 9. Nbd2 Be6 10. c4 Nb4
11. d4 exd4 12. Qb3 c5 13. a3 Nc6 14. Qxb7 Na5 15. Qa6 d3 16. Ne1 Bxb2 17. Rb1 Bc3 18. e5 Bxd2 19. Bxa8 Qxa8 20. Qxd6 Bh3
21. Nxd3 Qg2#
0-1

[Event "For the rest of us"]
[Site "SchemingMind.com"]
[Date "2006.02.27"]
[Round "-"]
[White "Brerrabbit"]
[Black "ld31337"]
[Result "0-1"]
[WhiteCountry "SCO"]
[BlackCountry "USA"]
[WhiteElo "1286"]
[WhiteRD "65"]
[BlackElo "1460"]
[BlackRD "78"]
[GameID "40671"]

1. e4 e5 2. Nf3 d6 3. Nc3 Be6 4. d4 Nf6 5. dxe5 Nc6 6. exf6 Qxf6 7. Bg5 Qg6 8. Bd3 f6 9. Be3 Qxg2 10. Rg1 Qh3
11. Rg3 Qh5 12. Qe2 Qa5 13. Nd4 Bf7 14. Bc4 Bxc4 15. Qxc4 Ne5 16. Qe6+ Kd8 17. Nb3 Qa6 18. Nd5 Qc4 19. Rxg7 Bxg7 20. Qe7+ Kc8
21. Qxg7 Nf3+ 22. Kd1 Qf1#
0-1

[Event "For the rest of us"]
[Site "SchemingMind.com"]
[Date "2006.02.27"]
[Round "-"]
[White "sdshuey"]
[Black "ld31337"]
[Result "0-1"]
[WhiteCountry "USA"]
[BlackCountry "USA"]
[WhiteElo "1436"]
[WhiteRD "68"]
[BlackElo "1460"]
[BlackRD "78"]
[GameID "40672"]

1. e4 e5 2. f4 Nf6 3. d3 d6 4. Nf3 Qe7 5. g3 Nc6 6. Nc3 Nd4 7. Nd5 Bg4 8. Bg2 Qd7 9. Be3 c6 10. Nxf6+ gxf6
11. Nxd4 Bxd1 12. Kxd1 exd4 13. Bxd4 Bg7 14. f5 c5 15. Bc3 Bh6 16. Bxf6 O-O 17. g4 d5 18. g5 Bg7 19. Bxg7 Kxg7 20. f6+ Kg8
21. exd5 Qg4+ 22. Kd2 Qxg2+ 23. Kc3 Qxd5 24. Rhf1 Qd4+ 25. Kd2 c4 26. c3 Qxd3+ 27. Kc1 Qxf1+
0-1

[Event "For the rest of us"]
[Site "SchemingMind.com"]
[Date "2006.02.27"]
[Round "-"]
[White "toguints"]
[Black "ld31337"]
[Result "0-1"]
[WhiteCountry "PHI"]
[BlackCountry "USA"]
[WhiteElo "1384"]
[WhiteRD "65"]
[BlackElo "1460"]
[BlackRD "78"]
[GameID "40673"]

1. e4 e5 2. Nf3 d6 3. b3 Nc6 4. Bb2 Nf6 5. Nc3 Nd4 6. Be2 d5 7. exd5 Nxe2 8. Nxe2 Qxd5 9. Bxe5 Bd6 10. c4 Qe4
11. d3 Qf5 12. Ned4 Qh5 13. Nb5 Bb4+ 14. Bc3 Bd6 15. c5 Qxc5 16. Bxf6 gxf6 17. a4 Qb4+ 18. Nd2 Rg8 19. O-O Bh3 20. f3 Qc5+
21. Kh1 Bxg2#
0-1

[Event "For the rest of us"]
[Site "SchemingMind.com"]
[Date "2006.02.28"]
[Round "-"]
[White "Ashmaster"]
[Black "Harold"]
[Result "1-0"]
[WhiteCountry "IRL"]
[BlackCountry "GBR"]
[WhiteElo "1519"]
[WhiteRD "60"]
[BlackElo "1392"]
[BlackRD "82"]
[GameID "40960"]

1. e4 e5 2. Nf3 Nc6 3. Bb5 a6 4. Ba4 Nf6 5. O-O Be7 6. Re1 O-O 7. c3 d6 8. d4 exd4 9. cxd4 Bg4 10. Bxc6 bxc6
11. Nc3 Re8 12. Bg5 Rb8 13. b3 d5 14. e5 Ne4 15. Nxe4 dxe4 16. Bxe7 Qd5 17. Re3 exf3 18. gxf3 Bh3 19. Bh4 Re6 20. Bg3 Rg6
21. Kh1 Bg4 22. Kg1 Bh3 23. Rc1 Rb4 24. Rc4 Rxc4 25. bxc4 Qxc4 26. Qb1 h6 27. Rd3 Bf5 28. Rc3 Qxc3 29. Qxf5 Qa1+ 30. Kg2 Qxa2
31. Qc8+ Kh7 32. Qxc7 h5 33. Kh3
1-0